01583nam a2200265 i 450000100190000000500170001900800410003601500160007701700440009302000180013703500250015504000310018004100120021110000410022324500540026425000180031825000200033626400410035630000230039750000540042052003980047452003820087265000340125465000290128899100012459970670620250616135824.0200904e202005 spc|||| |||| 0|0 f spa|  aLL20202bnc aDL B 4148-2020bBiblioteca de Catalunya a9788491294931 a(ES-BaCBU).b74419778 aES-BaBCbengerdacES-BaBC aSpanish aBenavent, Elísabet,d1984-eauthor10aEn los zapatos de Valeria c/ Elísabet Benavent aFirst edition aSpecial edition 1a[Barcelona] :bSuma de Letras,c2020 a396 pages ;c24 cm aOn the cover: "Netflix. A Netflix Original Series aValeria es escritora de historias de amor. Valeria vive el amor de forma sublime. Valeria tiene tres amigas: Nerea, Carmen y Lola. Valeria vive en Madrid. Valeria ama a Adrián hasta que conoce a Víctor. Valeria necesita sincerarse consigo misma. Valeria llora, Valeria ríe, Valeria camina... Pero el sexo, el amor y los hombres no son objetivos fáciles. Valeria es especial. Como tú. aValeria writes love stories. Valeria experiences love in the most sublime way. Valeria has three friends: Nerea, Carmen and Lola. Valeria lives in Madrid. Valeria loves Adrián — until she meets Víctor. Valeria needs to be honest with herself. Valeria cries, Valeria laughs, Valeria walks... But sex, love and men are never easy targets. Valeria is special. Just like you. 0aFemale friendship – Fiction 0aLove stories – Fiction